[Event "GER-ch Net blitz sf"]
[Site "Playchess.com INT"]
[Date "2021.06.05"]
[Round "3"]
[White "Loehr, Markus"]
[Black "Reindl, Arno"]
[Result "1/2-1/2"]
[WhiteElo "2003"]
[BlackElo "2164"]
[PlyCount "81"]
[EventDate "2021.06.05"]
[EventType "swiss (blitz)"]
[EventRounds "13"]
[EventCountry "GER"]
[SourceTitle "EXT 2023"]
[Source "ChessBase"]
[SourceDate "2022.10.05"]
[SourceVersion "1"]
[SourceVersionDate "2022.10.05"]
[SourceQuality "1"]

1. d4 Nf6 2. c4 g6 3. Nc3 d5 4. cxd5 Nxd5 5. e4 Nxc3 6. bxc3 Bg7 7. Be3 c5 8. Rc1 Qa5 9. Qd2 cxd4 10. cxd4 Qxd2+ 11. Bxd2 0-0 12. Nf3 Bg4 13. Rc7 Bxf3 14. gxf3 Bxd4 15. Rxb7 Nc6 16. Bc4 Rab8 17. Rb3 Ne5 18. Be2 Rxb3 19. axb3 Rb8 20. f4 Nc6 21. Bc4 Bc5 22. 0-0 e6 23. Rc1 Nd4 24. Rc3 Kg7 25. Kg2 Kf6 26. Be3 h5 27. Rd3 Rd8 28. Rd1 Bb6 29. e5+ Kg7 30. Rd3 Kf8 31. Bd2 Nf5 32. Bb4+ Kg7 33. Rxd8 Bxd8 34. Bd3 Bb6 35. Bd6 Nxd6 36. exd6 Kf8 37. Bb5 Bc5 38. d7 Ke7 39. Kf3 a6 40. Bxa6 Kxd7 41. Bc4 1/2-1/2

[Event "Oberliga Wuerttemberg 1920"]
[Site "Wuerttemberg"]
[Date "2020.03.01"]
[Round "8.6"]
[White "Reindl, Arno"]
[Black "Bauer, Peter"]
[Result "1/2-1/2"]
[WhiteElo "1995"]
[BlackElo "2124"]
[PlyCount "177"]
[EventDate "2019.09.15"]
[EventType "team-tourn"]
[EventRounds "9"]
[EventCountry "GER"]
[SourceTitle "EXT 2021"]
[Source "ChessBase"]
[SourceDate "2020.10.23"]
[SourceVersion "1"]
[SourceVersionDate "2020.10.23"]
[SourceQuality "1"]
[WhiteTeam "Schwaebisch Gmuend"]
[BlackTeam "Boeblingen"]
[WhiteTeamCountry "GER"]
[BlackTeamCountry "GER"]

1. e4 e5 2. Nf3 Nc6 3. d4 exd4 4. Nxd4 Bc5 5. Nb3 Bb4+ 6. c3 Be7 7. Be3 Nf6 8. N1d2 d5 9. Qc2 Ng4 10. 0-0-0 Nxe3 11. fxe3 Bg5 12. exd5 Ne7 13. e4 0-0 14. Kb1 Bg4 15. Nf3 Bxf3 16. gxf3 Bf4 17. Nd4 Qd6 18. Qg2 c6 19. dxc6 bxc6 20. Bc4 Qc5 21. Rhg1 Bh6 22. Qe2 g6 23. Bb3 a5 24. Qc4 Qxc4 25. Bxc4 Be3 26. Rge1 Bg5 27. Rg1 Be3 28. Rg2 Rfd8 29. Rd3 Bh6 30. Nf5 Nxf5 31. exf5 Kg7 32. fxg6 hxg6 33. Kc2 Bf4 34. h4 Rxd3 35. Bxd3 Kf6 36. Bc4 Ra7 37. Rg4 Ke5 38. h5 gxh5 39. Rh4 f6 40. Rxh5+ Bg5 41. Rh8 Kd6 42. Rd8+ Kc7 43. Rf8 Kb6 44. Bd3 Rd7 45. Ra8 Ra7 46. Re8 Rd7 47. a4 Bf4 48. Ra8 Bc7 49. Re8 Bf4 50. Re6 Rd6 51. Re7 Rd8 52. b4 Bd6 53. bxa5+ Kxa5 54. Re6 Kxa4 55. Rxf6 Ka5 56. Be4 Kb6 57. Rf7 Re8 58. Kd3 Kc5 59. Rf5+ Re5 60. Rf6 Re8 61. Rg6 Re7 62. Rg8 Bc7 63. Ra8 Rd7+ 64. Kc2 Kb6 65. Ra4 Rf7 66. Rb4+ Kc5 67. Kb3 Rf6 68. Rc4+ Kb6 69. Rd4 Bd6 70. Rc4 Bc5 71. Ra4 Rf8 72. Kc4 Bd6 73. Ra2 Rh8 74. Rg2 Rh5 75. Rg6 Kc7 76. Kd3 Rh1 77. c4 Rh5 78. Rf6 Ra5 79. f4 Ra3+ 80. Kd4 Ra5 81. Rf7+ Kb6 82. Bd3 Ra1 83. Rf5 Rd1 84. Rf7 Re1 85. Rf5 Rd1 86. c5+ Bxc5+ 87. Rxc5 Rxd3+ 88. Kxd3 Kxc5 89. Kc3 1/2-1/2

[Event "Oberliga Wuerttemberg 1920"]
[Site "Wuerttemberg"]
[Date "2019.12.15"]
[Round "5.7"]
[White "Reindl, Arno"]
[Black "Stuermer, Robin Gabriel"]
[Result "0-1"]
[WhiteElo "1995"]
[BlackElo "2256"]
[PlyCount "44"]
[EventDate "2019.09.15"]
[EventType "team-tourn"]
[EventRounds "9"]
[EventCountry "GER"]
[SourceTitle "EXT 2021"]
[Source "ChessBase"]
[SourceDate "2020.10.23"]
[SourceVersion "1"]
[SourceVersionDate "2020.10.23"]
[SourceQuality "1"]
[WhiteTeam "Schwaebisch Gmuend"]
[BlackTeam "Heilbronn"]
[WhiteTeamCountry "GER"]
[BlackTeamCountry "GER"]

1. e4 b6 2. d4 Bb7 3. Bd3 e6 4. Qe2 c5 5. d5 Qe7 6. c4 d6 7. Nc3 g6 8. Nh3 Bg7 9. 0-0 Bxc3 10. bxc3 e5 11. f4 Nd7 12. f5 0-0-0 13. Ng5 h6 14. fxg6 hxg5 15. Rxf7 Qe8 16. Bxg5 Nh6 17. Raf1 Nxf7 18. gxf7 Qf8 19. Qg4 Qg7 20. Be2 Rdf8 21. Bf6 Qxg4 22. Bxg4 Rh7 0-1

[Event "Oberliga Wuerttemberg 1920"]
[Site "Wuerttemberg"]
[Date "2019.12.01"]
[Round "4.7"]
[White "Hosticka, Frantisek"]
[Black "Reindl, Arno"]
[Result "1/2-1/2"]
[WhiteElo "2067"]
[BlackElo "1995"]
[PlyCount "122"]
[EventDate "2019.09.15"]
[EventType "team-tourn"]
[EventRounds "9"]
[EventCountry "GER"]
[SourceTitle "EXT 2021"]
[Source "ChessBase"]
[SourceDate "2020.10.23"]
[SourceVersion "1"]
[SourceVersionDate "2020.10.23"]
[SourceQuality "1"]
[WhiteTeam "Weiler im Allgaeu"]
[BlackTeam "Schwaebisch Gmuend"]
[WhiteTeamCountry "GER"]
[BlackTeamCountry "GER"]

1. e4 c5 2. Nf3 d6 3. Bb5+ Bd7 4. Bxd7+ Qxd7 5. 0-0 Nc6 6. c3 Nf6 7. Qe2 g6 8. d4 cxd4 9. cxd4 Bg7 10. Nc3 0-0 11. h3 Rac8 12. Rd1 d5 13. e5 Ne8 14. Be3 f6 15. Rac1 Nc7 16. exf6 exf6 17. Qd2 b6 18. Bh6 Na5 19. b3 Nb5 20. Nxb5 Qxb5 21. Bxg7 Kxg7 22. Qf4 Qd7 23. Nh2 Rxc1 24. Rxc1 Rc8 25. Rxc8 Qxc8 26. Ng4 Qd8 27. h4 Nc6 28. Qh6+ Kg8 29. h5 Qf8 30. Qf4 f5 31. hxg6 hxg6 32. Ne5 Qf6 33. Nf3 Qe7 34. Qh6 Qg7 35. Qh4 Qe7 36. Qh6 Qg7 37. Qf4 Qe7 38. Qc1 Qf6 39. Qd2 Qe6 40. Qg5 Kg7 41. Qc1 Qf6 42. Qc3 Qd6 43. Kf1 Kf6 44. Qe3 Qe7 45. Qh6 Qg7 46. Qh2 Ke6 47. Qf4 Kd7 48. g3 Ke6 49. Kg2 Qf6 50. a3 Qg7 51. b4 a6 52. Qc1 Kd6 53. Qc3 g5 54. Qd3 g4 55. Nh4 Nxd4 56. Qxa6 Kc6 57. Qd3 Qe5 58. Qc3+ Kb5 59. Qd3+ Kc6 60. Qc3+ Kb5 61. Qd3+ Kc6 1/2-1/2

[Event "Oberliga Wuerttemberg 1819"]
[Site "Wuerttemberg"]
[Date "2019.03.24"]
[Round "8"]
[White "Bauer, Peter"]
[Black "Reindl, Arno"]
[Result "1/2-1/2"]
[WhiteElo "2201"]
[BlackElo "2044"]
[PlyCount "114"]
[EventDate "2018.09.23"]
[EventType "team-tourn"]
[EventRounds "9"]
[EventCountry "GER"]
[SourceTitle "EXT 2020"]
[Source "ChessBase"]
[SourceDate "2019.10.17"]
[SourceVersion "1"]
[SourceVersionDate "2019.10.17"]
[SourceQuality "1"]
[WhiteTeam "Boeblingen"]
[BlackTeam "Schwaebisch Gmuend"]
[WhiteTeamCountry "GER"]
[BlackTeamCountry "GER"]

1. e4 c5 2. Nf3 d6 3. d4 cxd4 4. Nxd4 Nf6 5. Nc3 g6 6. Be3 Bg7 7. f3 Nc6 8. Qd2 0-0 9. 0-0-0 d5 10. Qe1 e5 11. Nxc6 bxc6 12. exd5 Nxd5 13. Bc4 Be6 14. Ne4 Qc7 15. Bc5 Rfd8 16. g4 Nf4 17. Bxe6 Nxe6 18. Bd6 Qb6 19. Qc3 Nd4 20. Qc4 Qb5 21. Qxb5 cxb5 22. Be7 Re8 23. Bf6 Rec8 24. Kb1 Bxf6 25. Nxf6+ Kg7 26. f4 Nf3 27. fxe5 Nxe5 28. g5 Rd8 29. c3 h6 30. h4 Nf3 31. gxh6+ Kxh6 32. Kc2 Rxd1 33. Kxd1 Kg7 34. Ke2 Nxh4 35. Nh5+ gxh5 36. Rxh4 Kg6 37. Rb4 Re8+ 38. Kf2 Re5 39. a4 a6 40. Rd4 f6 41. axb5 Rxb5 42. b4 a5 43. bxa5 Rxa5 44. Rc4 Kg5 45. Kf3 Rf5+ 46. Kg3 Rd5 47. Rc8 Rd3+ 48. Kg2 h4 49. Rg8+ Kf4 50. Rh8 Rd2+ 51. Kh3 Rd3+ 52. Kg2 Rg3+ 53. Kh2 Rxc3 54. Rxh4+ Ke5 55. Kg2 f5 56. Kf2 Rd3 57. Ke2 Rd4 1/2-1/2

[Event "Oberliga Wuerttemberg 1819"]
[Site "Wuerttemberg"]
[Date "2019.02.03"]
[Round "6"]
[White "Reindl, Arno"]
[Black "Hasenohr, Benedict"]
[Result "0-1"]
[WhiteElo "2044"]
[BlackElo "2287"]
[PlyCount "52"]
[EventDate "2018.09.23"]
[EventType "team-tourn"]
[EventRounds "9"]
[EventCountry "GER"]
[SourceTitle "EXT 2020"]
[Source "ChessBase"]
[SourceDate "2019.10.17"]
[SourceVersion "1"]
[SourceVersionDate "2019.10.17"]
[SourceQuality "1"]
[WhiteTeam "Schwaebisch Gmuend"]
[BlackTeam "Weiler im Allgaeu"]
[WhiteTeamCountry "GER"]
[BlackTeamCountry "GER"]

1. e4 e6 2. d4 d5 3. exd5 exd5 4. Bd3 Bd6 5. Nf3 Bg4 6. 0-0 Ne7 7. c3 Nbc6 8. Nbd2 Qd7 9. Re1 0-0 10. Qc2 Bf5 11. Nf1 Rae8 12. Ng3 Bxd3 13. Qxd3 f5 14. Ne5 Bxe5 15. dxe5 f4 16. Nf1 Ng6 17. Rd1 Rxe5 18. Nd2 Nh4 19. Nf3 Qg4 20. Nxh4 Qxh4 21. Qf3 Re4 22. Qd3 Rd8 23. f3 Re6 24. Bd2 Ne5 25. Qf5 Nxf3+ 26. gxf3 Re2 0-1

[Event "Oberliga Wuerttemberg 1819"]
[Site "Wuerttemberg"]
[Date "2018.09.23"]
[Round "1"]
[White "Reindl, Arno"]
[Black "Gustain, Marc"]
[Result "0-1"]
[WhiteElo "2044"]
[BlackElo "2102"]
[PlyCount "112"]
[EventDate "2018.09.23"]
[EventType "team-tourn"]
[EventRounds "9"]
[EventCountry "GER"]
[SourceTitle "EXT 2020"]
[Source "ChessBase"]
[SourceDate "2019.10.17"]
[SourceVersion "1"]
[SourceVersionDate "2019.10.17"]
[SourceQuality "1"]
[WhiteTeam "Schwaebisch Gmuend"]
[BlackTeam "Deizisau II"]
[WhiteTeamCountry "GER"]
[BlackTeamCountry "GER"]

1. e4 d5 2. exd5 Qxd5 3. Nc3 Qd8 4. d4 Nf6 5. Nf3 Bg4 6. Be3 e6 7. a3 Be7 8. Be2 Nbd7 9. Qd2 c6 10. 0-0-0 Nb6 11. h3 Bxf3 12. Bxf3 Nbd5 13. Ne4 Nxe4 14. Bxe4 b5 15. Qd3 Qb6 16. Kd2 Rd8 17. Ke2 c5 18. Bxd5 Rxd5 19. dxc5 Bxc5 20. Qe4 0-0 21. Rhe1 Bxe3 22. Qxe3 Qxe3+ 23. Kxe3 Rfd8 24. Rxd5 Rxd5 25. Re2 Kf8 26. Rd2 Re5+ 27. Kf4 Rf5+ 28. Ke3 Ke7 29. Rd4 Rc5 30. Kd2 e5 31. Rd3 f5 32. c3 Ke6 33. Kc2 Rd5 34. Re3 e4 35. h4 Ke5 36. g3 f4 37. gxf4+ Kxf4 38. a4 bxa4 39. c4 Rf5 40. Ra3 Ke5 41. Rxa4 Rxf2+ 42. Kc3 Rf3+ 43. Kd2 Rd3+ 44. Ke2 Rb3 45. Rxa7 Rxb2+ 46. Kf1 Rh2 47. Rxg7 Rxh4 48. Re7+ Kd4 49. Kf2 Rh2+ 50. Kg3 Rh6 51. Kf2 Rh2+ 52. Kg3 Rh1 53. Kg2 Rc1 54. Kf2 Rc2+ 55. Kf1 Ke3 56. Rxh7 Rc1+ 0-1

[Event "Oberliga Wuerttemberg 1718"]
[Site "Wuerttemberg"]
[Date "2017.11.12"]
[Round "4"]
[White "Reindl, Arno"]
[Black "Thoma, Christian"]
[Result "0-1"]
[WhiteElo "2028"]
[BlackElo "2214"]
[PlyCount "60"]
[EventDate "2017.09.17"]
[EventType "team-tourn"]
[EventRounds "9"]
[EventCountry "GER"]
[SourceTitle "EXT 2019"]
[Source "ChessBase"]
[SourceDate "2018.10.10"]
[SourceVersion "1"]
[SourceVersionDate "2018.10.10"]
[SourceQuality "1"]
[WhiteTeam "Schwaebisch Gmuend"]
[BlackTeam "Schmiden Cannstatt"]
[WhiteTeamCountry "GER"]
[BlackTeamCountry "GER"]

1. e4 c5 2. Nf3 d6 3. d4 cxd4 4. Qxd4 a6 5. c4 Nc6 6. Qd3 Nf6 7. Be2 g6 8. 0-0 Bg7 9. Nc3 0-0 10. Bf4 Bg4 11. Qd2 Rc8 12. Rac1 Nd7 13. b3 Nc5 14. Bh6 Ne6 15. Bxg7 Kxg7 16. Ng5 Bxe2 17. Nxe6+ fxe6 18. Nxe2 e5 19. Rc3 Rf7 20. Rh3 Qb6 21. Qh6+ Kg8 22. Kh1 Rcf8 23. f3 Qa5 24. a4 Qb4 25. f4 Qd2 26. Nc1 exf4 27. Rd3 Qc2 28. Qh3 Ne5 29. Rd4 f3 30. g3 Qg2+ 0-1

[Event "Oberliga Wuerttemberg 1718"]
[Site "Wuerttemberg"]
[Date "2017.09.17"]
[Round "1.7"]
[White "Bissbort, Julian"]
[Black "Reindl, Arno"]
[Result "1/2-1/2"]
[WhiteElo "2036"]
[BlackElo "2028"]
[PlyCount "43"]
[EventDate "2017.09.17"]
[EventType "team-tourn"]
[EventRounds "9"]
[EventCountry "GER"]
[SourceTitle "EXT 2019"]
[Source "ChessBase"]
[SourceDate "2018.10.10"]
[SourceVersion "1"]
[SourceVersionDate "2018.10.10"]
[SourceQuality "1"]
[WhiteTeam "Heilbronn"]
[BlackTeam "Schwaebisch Gmuend"]
[WhiteTeamCountry "GER"]
[BlackTeamCountry "GER"]

1. e4 c5 2. c3 Nf6 3. e5 Nd5 4. d4 cxd4 5. cxd4 e6 6. Nc3 Nxc3 7. bxc3 d6 8. f4 dxe5 9. fxe5 Qh4+ 10. g3 Qe4+ 11. Kf2 Qc6 12. Bg2 Qxc3 13. Be3 Qc7 14. Rc1 Nc6 15. Ne2 Be7 16. Rf1 0-0 17. Kg1 f6 18. d5 exd5 19. Qxd5+ Kh8 20. e6 Qe5 21. Qf3 Qxe6 22. Nf4 1/2-1/2

[Event "Wuerttemberg-ch"]
[Site "Stuttgart"]
[Date "2017.08.29"]
[Round "4"]
[White "Jaeschke, Armin"]
[Black "Reindl, Arno"]
[Result "1/2-1/2"]
[WhiteElo "2082"]
[BlackElo "2083"]
[PlyCount "38"]
[EventDate "2017.08.26"]
[EventType "swiss"]
[EventRounds "9"]
[EventCountry "GER"]
[SourceTitle "CBM 180 Extra"]
[Source "ChessBase"]
[SourceDate "2017.10.06"]
[SourceVersion "1"]
[SourceVersionDate "2017.10.06"]
[SourceQuality "1"]

1. c4 e5 2. g3 d6 3. Bg2 f5 4. Nc3 Nf6 5. d3 g6 6. Rb1 Bg7 7. b4 0-0 8. e3 c6 9. b5 c5 10. Nge2 Nbd7 11. 0-0 Re8 12. a4 Rb8 13. d4 e4 14. Nf4 g5 15. Nfd5 Nxd5 16. Nxd5 Nb6 17. Nxb6 axb6 18. f3 cxd4 19. fxe4 fxe4 1/2-1/2

[Event "Wuerttemberg-ch"]
[Site "Stuttgart"]
[Date "2017.08.28"]
[Round "3"]
[White "Reindl, Arno"]
[Black "Schaffert, Walter"]
[Result "1/2-1/2"]
[WhiteElo "2083"]
[BlackElo "2111"]
[PlyCount "167"]
[EventDate "2017.08.26"]
[EventType "swiss"]
[EventRounds "9"]
[EventCountry "GER"]
[SourceTitle "CBM 180 Extra"]
[Source "ChessBase"]
[SourceDate "2017.10.06"]
[SourceVersion "1"]
[SourceVersionDate "2017.10.06"]
[SourceQuality "1"]

1. e4 d5 2. exd5 Qxd5 3. Nc3 Qd6 4. d4 Nf6 5. Nf3 a6 6. Be2 Bf5 7. 0-0 Nc6 8. Bc4 Bg4 9. Be3 e6 10. h3 Bh5 11. Qe2 Be7 12. g4 Bg6 13. Rad1 Nd5 14. Bxd5 exd5 15. Ne5 f6 16. Nxg6 hxg6 17. Qf3 0-0-0 18. Bf4 Qd7 19. Kg2 g5 20. Bg3 g6 21. Rfe1 f5 22. Be5 Rh4 23. Bg3 Rxh3 24. Nxd5 Rxg3+ 25. fxg3 Qxd5 26. Qxd5 Rxd5 27. c4 Rd7 28. d5 Nd8 29. gxf5 gxf5 30. Rf1 Nf7 31. b3 Nd6 32. Rde1 b6 33. Re6 Bd8 34. Rh1 Re7 35. Rh8 Kd7 36. Rg6 Re2+ 37. Kf1 Rxa2 38. Rg7+ Be7 39. Rhh7 Nc8 40. Rxg5 Rb2 41. Rxf5 Rxb3 42. g4 a5 43. g5 Nd6 44. Re5 Rf3+ 45. Ke2 Rf7 46. Rxf7 Nxf7 47. g6 Nh6 48. Rh5 Bf8 49. Kd3 Bg7 50. Rh1 a4 51. Kc2 Kd6 52. Re1 Be5 53. g7 Bxg7 54. Re6+ Kd7 55. Rg6 Bf8 56. Kb2 Ke8 57. d6 cxd6 58. Ka3 Nf7 59. Kxa4 Ne5 60. Rg5 Bh6 61. Rg8+ Kd7 62. Kb5 Be3 63. Rg3 Bc5 64. Rh3 Ke6 65. Rh6+ Ke7 66. Rh7+ Nf7 67. Rh1 Kf6 68. Rf1+ Ke6 69. Rh1 Ne5 70. Rh6+ Kf5 71. Rh1 Ke4 72. Rh4+ Kd3 73. Rh3+ Be3 74. Rh4 Nf3 75. Rh3 Ne5 76. Rh4 Kc3 77. Re4 Bd4 78. Re1 Nxc4 79. Rc1+ Kb3 80. Rxc4 Be3 81. Re4 Bc5 82. Rh4 d5 83. Rh5 d4 84. Rh3+ 1/2-1/2

[Event "GER-ch U18"]
[Site "Willingen"]
[Date "2017.06.10"]
[Round "9"]
[White "Kueppers, Timo"]
[Black "Reindl, Arno"]
[Result "0-1"]
[WhiteElo "2172"]
[BlackElo "2013"]
[PlyCount "66"]
[EventDate "2017.06.04"]
[EventType "swiss"]
[EventRounds "9"]
[EventCountry "GER"]
[SourceTitle "CBM 178 Extra"]
[Source "ChessBase"]
[SourceDate "2017.06.22"]
[SourceVersion "1"]
[SourceVersionDate "2017.06.22"]
[SourceQuality "1"]

1. e4 c5 2. Nf3 Nf6 3. Nc3 d6 4. d4 cxd4 5. Nxd4 g6 6. Be3 Bg7 7. f3 0-0 8. Qd2 Nc6 9. 0-0-0 d5 10. exd5 Nxd5 11. Nxc6 bxc6 12. Bd4 Bxd4 13. Qxd4 Qb6 14. Na4 Qa5 15. b3 Be6 16. Bc4 Rfd8 17. Qc5 Qc7 18. g3 Qe5 19. Nb2 Qf6 20. f4 Nc3 21. Rxd8+ Rxd8 22. Qa5 Qd4 23. Nd3 Bxc4 24. bxc4 Rb8 25. Qe5 Rb1+ 26. Kd2 Qxe5 27. Nxe5 Ne4+ 28. Ke3 Rxh1 29. Kxe4 Rxh2 30. Nxc6 Rxc2 31. Kd5 e6+ 32. Kc5 Rxa2 33. Ne5 Kf8 0-1

[Event "GER-ch U18"]
[Site "Willingen"]
[Date "2017.06.06"]
[Round "5"]
[White "Pallas, Sebastian"]
[Black "Reindl, Arno"]
[Result "1-0"]
[WhiteElo "2199"]
[BlackElo "2013"]
[PlyCount "113"]
[EventDate "2017.06.04"]
[EventType "swiss"]
[EventRounds "9"]
[EventCountry "GER"]
[SourceTitle "CBM 178 Extra"]
[Source "ChessBase"]
[SourceDate "2017.06.22"]
[SourceVersion "1"]
[SourceVersionDate "2017.06.22"]
[SourceQuality "1"]

1. e4 c5 2. Nf3 d6 3. d4 cxd4 4. Nxd4 Nf6 5. Nc3 g6 6. Be3 Bg7 7. f3 0-0 8. Qd2 Nc6 9. Bc4 Bd7 10. 0-0-0 Rc8 11. Be2 a6 12. Kb1 b5 13. g4 Nxd4 14. Bxd4 e5 15. Be3 b4 16. Nd5 Nxd5 17. exd5 Qa5 18. h4 Rc7 19. h5 Rfc8 20. Bd3 Qxd5 21. hxg6 hxg6 22. Bxg6 Qxd2 23. Bh7+ Kf8 24. Rxd2 Bc6 25. Bf5 Rb8 26. Rh3 Ke7 27. Bg5+ f6 28. Rh7 Rg8 29. Bh6 Kf8 30. Rxd6 Bxf3 31. Rxf6+ Rf7 32. Rb6 Bb7 33. Be6 Rf1+ 34. Bc1 Be4 35. Bxg8 Kxg8 36. Rh2 Bf6 37. Rh6 Kg7 38. Rhxf6 Rxf6 39. Rxb4 Bf3 40. b3 Kg6 41. Be3 e4 42. Kb2 Re6 43. g5 Kf5 44. a4 Kg4 45. a5 Be2 46. Rb6 Re7 47. Rf6 Bb5 48. c4 Be8 49. Kc3 Rf7 50. Rxf7 Bxf7 51. Kd4 Kf3 52. Bc1 Be8 53. b4 Bf7 54. b5 axb5 55. cxb5 Be8 56. b6 Bc6 57. g6 1-0

[Event "GER-ch U18"]
[Site "Willingen"]
[Date "2017.06.05"]
[Round "3"]
[White "Reindl, Arno"]
[Black "Oberhofer, Cedric"]
[Result "0-1"]
[WhiteElo "2013"]
[BlackElo "2188"]
[PlyCount "88"]
[EventDate "2017.06.04"]
[EventType "swiss"]
[EventRounds "9"]
[EventCountry "GER"]
[SourceTitle "CBM 178 Extra"]
[Source "ChessBase"]
[SourceDate "2017.06.22"]
[SourceVersion "1"]
[SourceVersionDate "2017.06.22"]
[SourceQuality "1"]

1. e4 c5 2. Nf3 d6 3. d4 cxd4 4. Qxd4 Nc6 5. Bb5 a6 6. Bxc6+ bxc6 7. 0-0 e5 8. Qd2 Nf6 9. Rd1 Qc7 10. Nc3 Be7 11. h3 0-0 12. b3 Rd8 13. Bb2 h6 14. Qe3 Be6 15. Ne2 a5 16. c4 Nd7 17. Nc3 Nb6 18. Rac1 Qb7 19. c5 dxc5 20. Nxe5 c4 21. bxc4 Nxc4 22. Nxc4 Bxc4 23. Ba1 Qc7 24. e5 Rxd1+ 25. Rxd1 Rd8 26. Rxd8+ Bxd8 27. Qe4 Be6 28. Kh2 Qb6 29. Qe2 Qd4 30. g3 Bc7 31. f4 Bb6 32. Qg2 Bxa2 33. Nxa2 Qxa1 34. h4 a4 35. Kh3 a3 36. e6 fxe6 37. Qxc6 Qxa2 38. Qxb6 Qd5 39. Qa7 a2 40. Kh2 Qd2+ 41. Kh3 Qe2 42. Qa8+ Kh7 43. Qh1 Qc2 44. Qa1 Qb1 0-1

[Event "Wuerttemberg-ch KT"]
[Site "Stuttgart"]
[Date "2016.09.02"]
[Round "7"]
[White "Mayer, Dietmar"]
[Black "Reindl, Arno"]
[Result "1/2-1/2"]
[WhiteElo "1668"]
[BlackElo "1809"]
[PlyCount "60"]
[EventDate "2016.08.27"]
[EventType "swiss"]
[EventRounds "9"]
[EventCountry "GER"]
[SourceTitle "EXT 2017"]
[Source "ChessBase"]
[SourceDate "2016.10.25"]
[SourceVersion "1"]
[SourceVersionDate "2016.10.25"]
[SourceQuality "1"]

1. d4 Nf6 2. Nf3 e6 3. e3 c5 4. Bd3 cxd4 5. exd4 b6 6. Qe2 Bb7 7. 0-0 Be7 8. h3 Nc6 9. a3 Qc7 10. Re1 0-0 11. Bg5 Rac8 12. Nbd2 d5 13. c3 h6 14. Bh4 Nh5 15. Bxe7 Qxe7 16. g3 Nf6 17. Ne5 Nd7 18. f4 Ncxe5 19. fxe5 Qg5 20. Qe3 Qxe3+ 21. Rxe3 a6 22. a4 Nb8 23. a5 b5 24. b4 g6 25. Rc1 Nc6 26. Ree1 Rc7 27. Nb3 Rfc8 28. Nc5 Nb8 29. h4 Nd7 30. h5 Nxc5 1/2-1/2